000 00768cam a2200265 a 4500
001 sjds16639793
003 sjds
005 20200311205240.0
008 110203s2010 nq 000 1 spa
010 _a 2011393470
020 _a9789992437766
035 _a(NcChVT)vt121nq156
040 _aDLC
_cDLC
041 _aspa
042 _apcc
050 0 0 _aPQ7519.3.M66
_bS68 2010
100 1 _aMontoya, Jose Adiak,
_d1987-
245 1 3 _aEl sotano del angel /
_cJose Adiak Montoya.
260 _aManagua :
_bCentro Nicaraguense de Escritores,
_c2010.
300 _a187 p. ;
_c21 cm.
490 0 _aColeccion Narrativa
500 _a"ANE Noruega CNE."
942 _cBK
_2ddc
999 _c24450
_d24450